| 000 | 00651nam a2200217 i 4500 | ||
|---|---|---|---|
| 001 | 48848 | ||
| 003 | ES-MaACL | ||
| 005 | 20250902233320.0 | ||
| 007 | t| | ||
| 008 | 030701s1900 fr ||||1| fre d | ||
| 100 | 1 |
_aCordemoy, C. de. _940503 |
|
| 245 | 1 | 4 |
_aLes ports modernes / _cpar C. de Cordemoy. |
| 260 |
_aParis : _bE. Bernard, _c[1900?] |
||
| 300 |
_a3 v. ; _c28 y 37 cm. |
||
| 500 | _aFecha tomada de la cub. | ||
| 500 | _a1º y 2 º vol. de texto y 3º de lám. | ||
| 650 | 4 |
_aPuertos- _xDiseño y construcción. _9164122 |
|
| 650 | 7 |
_aIngeniería hidráulica _2embne _9136287 |
|
| 852 |
_aES-MaACL _jA-840-42 |
||
| 999 |
_c48848 _d48848 |
||